banner-ar

النظام القديم و الثورة الفرنسية / (Record no. 61937)

MARC details
000 -الفاتح
حقل البيانات ثابتة الطول 00973nam a22002417a 4500
005 - وقت وتاريخ اخر تعامل مع التسجيلة
رقم الضبط 20240530110523.0
008 - عناصر البيانات ثابتة الطول - معلومات عامة
حقل البيانات ثابتة الطول 160223s2010 ua g 000 0dara d
017 ## - رقم الايداع القانونى
رقم الايداع القانونى 2010/16014
المصدر ( الهيئة المختصة) مصر . دار الكتب المصرية
020 ## - الرقم الدولى المعيارى للكتب
الرقم الدولى المعيارى للكتاب 9789777042253
040 ## - مصدر الفهرسة
وكالة الفهرسة الأصلية EG-CaGPL
082 04 - رقم تصنيف ديوى العشرى
رقم الطبعة 21
رقم التصنيف 944.041\
رقم المادة د ن
100 1# - المدخل الرئيسى - إسم شخصى
الإسم الشخصى دو توكفيل ، اليكس
245 12 - بيان العنوان
العنوان النظام القديم و الثورة الفرنسية /
بيان المسئوليه,etc تاليف اليكس دو توكفيل ؛ ترجمة و تقديم خليل كلفت
250 ## - بيان الطبعة
بيان الطبعة ط1
260 ## - PUBLICATION, DISTRIBUTION, ETC. (IMPRINT)
تاريخ النشر أو التوزيع 2010 .
300 ## - الوصف المادى
التعداد 529 ص ؛
أبعاد الوعاء 24 سم .
490 ## - بيان السلسلة
عنوان السلسلة المشروع القومى للترجمة ؛
رقم المجلد/ التعيين التسلسلي 1657
650 04 - المدخل الاضافى بالموضوع-مصطلح موضوعى
مصطلح موضوعي التمرد و العصيان
651 04 - المدخل الاضافى بالموضوع - اسم جغرافى
الاسم الجغرافي فرنسا
التقسيم الفرعي العام تاريخ
-- ثورة ( 1789 - 1804 )
700 0# - المدخل الاضافى - اسم شخصى
الإسم الشخصى خليل كلفت
الدور مترجم و مقدم
942 ## - عناصر المدخل الإضافي( كوها)
مصدر التصنيف او مخطط الترفيف Dewey Decimal Classification
Koha [default] item type كتاب
260 ## - PUBLICATION, DISTRIBUTION, ETC. (IMPRINT)
-- القاهرة :
-- المركز القومى للترجمة ،
Holdings
حالة التراجع حالة الفقد حالة تلف ليس للاعارة المكان المؤقت الموقع الحالى تاريخ الاكتساب اجمالي اﻻعارات رقم الطلب الباركود تاريخ اخر مشاهدة تاريخ تفعيل السعر نوع وعاء كوها
        مكتبة القاهرة الكبرى مكتبة القاهرة الكبرى 02/23/2016   944.041\ د ن 161392 02/23/2016 02/23/2016 كتاب

Powered By

EGPV